00493nam a2200157Ia 4500008004100000020001800041050002500059082002200084100001700106245010100123260002900224300001000253440002000263600001700283650003500300120905s9999 xx 000 0 und d a84-8322-196-9 aQA76.76063 H286 1999 a005.43 H286d 1999 aHarlow, Eric aDesarrollo de aplicaciones Linux con GTK+ y GDK : Guía Avanzada / Eric Harlow ; tr. Vuelapluma aEspaña : Prentice Hall a482 p aGuía Avanzada aHarlow, Eric aLinux \ Sistemas operativosÌ